000 01317nam a22002777a 4500
001 TZ 0021
003 gtcocun
005 20250929173113.0
006 a||||gr|||| 00| 0
007 ta
008 250929b2002 gt ||||| m||| 00| 0 eng d
040 _agtcocun
_bSPA
_cgtcocun
_eRDA
041 _aSPA TZ 0021
084 _0TZ 0021
100 _aMacz Choc, Fredy Giovanni
_eAutor
245 _aEVALUACIÓN DE TRES CEREALES (MAIZ, SORGO Y ARROZ EN GRANZA) INOCULADOS CON EL HONGO BASIDIOMICETO Pleurotus ostreatus, PARA LA ALIMENTACIÓN DE POLLOS DE ENGORDE, EN EL MUNCIIPIO DE COBÁN, DEPARTAMENTO DE ALTA VERAPAZ./
_cFredy Giovanni Macz Choc.
_hImpreso
264 _aCobán, Alta Verapaz:
_bUniversidad de San Carlos de Guatemala, Centro Universitario del Norte, Zootecnia
_c2002
300 _a34 p.:
_bIlustraciones, gráficas.
_c28 cm;
502 _eTZ 0021
502 _aTesis de grado
_bZootecnia,
_cUniversidad de San Carlos de Guatemala, Centro Universitario del Norte, Zootecnia
_d2002
_oTZ 0021
650 1 4 _2LEMB
_aCobán, Alta Verapaz.
_xZootecnia
_xBasidiomicento
_xBromatológicos
_xEficiencia
_xPrueba de Tuckey
_xGranja avícola
700 _eAsesor
856 _uSin archivo en línea.
_zSin archivo en línea.
942 _2ddc
_cTES
_iTZ 0021
_kClasificación
_n0
_6TZ_0021_000000000000000
999 _c2173
_d2173